000 00462nam a2200181Ia 4500
001 13004
005 20260306163022.0
008 260306t2010||||xx |||||||||||||| ||spa||
041 _aESP
082 _aRD 657
_bF91
100 _aFuentes Olivera, Pedro A. ...[et al.].
_eAUT
245 0 _aDiccionario de contabilidad inglés-español
260 _c2010
300 _a1010 páginas :
_c24 cm.
650 _aGEN
654 _aCCO
942 _cDIC
_dJUS
_fJUS
_2ddc
_n
999 _c13004
_d13004